000 00373nam a2200157Ia 4500
003 Ost
005 20260225132559.0
008 260225s9999||||xx |||||||||||||| ||und||
040 _cfsic
041 _afre
082 _a305.892
100 _aBURHAN GHALIOUN
_eAuteur
245 0 _aLE MALAISE ARABE :
245 0 _bETAT CONTRE NATION /
_cBURHAN GHALIOUN
942 _cكتاب
999 _c34665
_d34665